The sociology of industry (Record no. 76613)
[ view plain ]
| 000 -LEADER | |
|---|---|
| fixed length control field | 00805nam a2200205 a 4500 |
| 008 - FIXED-LENGTH DATA ELEMENTS--GENERAL INFORMATION | |
| fixed length control field | 120416s1967 ||||||||||||||||| || u |
| 050 ## - LIBRARY OF CONGRESS CALL NUMBER | |
| Classification number | HD 6953 Soc |
| 100 ## - MAIN ENTRY--PERSONAL NAME | |
| Personal name | Child, J |
| 245 14 - TITLE STATEMENT | |
| Title | The sociology of industry |
| Statement of responsibility, etc. | by S. R. Parker (and others) |
| 260 ## - PUBLICATION, DISTRIBUTION, ETC. | |
| Place of publication, distribution, etc. | London: |
| Name of publisher, distributor, etc. | Allen and Unwin |
| Date of publication, distribution, etc. | 1967 |
| 300 ## - PHYSICAL DESCRIPTION | |
| Extent | xii, 182p. |
| 350 ## - | |
| -- | 0.00 |
| 650 ## - SUBJECT ADDED ENTRY--TOPICAL TERM | |
| Topical term or geographic name entry element | INDUSTRY--SOCIAL ASPECTS |
| 650 ## - SUBJECT ADDED ENTRY--TOPICAL TERM | |
| Topical term or geographic name entry element | INDUSTRY |
| 700 ## - ADDED ENTRY--PERSONAL NAME | |
| Personal name | Brown, R. K |
| 700 ## - ADDED ENTRY--PERSONAL NAME | |
| Personal name | Smith, M. A |
| 700 ## - ADDED ENTRY--PERSONAL NAME | |
| Personal name | Parker, S. R |
| 995 ## - | |
| -- | MAIN LIBRARY OPEN ACCESS |
| -- | 0.00 |
| -- | 066864 |
| -- | CBU-MAIN LIBRARY (Kitwe) |
| -- | 1 |
| -- | 31.25 |
| -- | HD 6953 Soc |
| -- | 2 |
| -- | AVAILABLE |
| -- | 003662 |
| -- | Main Library Open Access Collection |
| 995 ## - | |
| -- | MAIN LIBRARY OPEN ACCESS |
| -- | 0.00 |
| -- | 727255 |
| -- | CBU-MAIN LIBRARY (Kitwe) |
| -- | 2 |
| -- | 31.25 |
| -- | HD 6953 Soc |
| -- | 1 |
| -- | AVAILABLE |
| -- | 015478 |
| -- | Main Library Open Access Collection |
| 999 ## - | |
| -- | 76613 |
| -- | 76613 |
| Withdrawn status | Lost status | Source of classification or shelving scheme | Damaged status | Not for loan | Permanent Location | Current Location | Shelving location | Date acquired | Total Checkouts | Full call number | Barcode | Date last seen | Copy number | Price effective from | Koha item type |
|---|---|---|---|---|---|---|---|---|---|---|---|---|---|---|---|
| CBU-MAIN LIBRARY, KITWE. | CBU-MAIN LIBRARY, KITWE. | 04/25/2023 | HD 6953 Soc | 003662 | 04/25/2023 | 1 | 04/25/2023 | MONOGRAPH | |||||||
| CBU-MAIN LIBRARY, KITWE. | CBU-MAIN LIBRARY, KITWE. | 04/25/2023 | HD 6953 Soc | 015478 | 04/25/2023 | 2 | 04/25/2023 | MONOGRAPH |